Personal justice denied (Record no. 81309)
[ view plain ]
| 000 -LEADER | |
|---|---|
| fixed length control field | 01456nam a2200325Ia 4500 |
| 082 04 - DEWEY DECIMAL CLASSIFICATION NUMBER | |
| Classification number | 940.53/1503956073 |
| 245 10 - TITLE STATEMENT | |
| Title | Personal justice denied |
| 260 ## - PUBLICATION, DISTRIBUTION, ETC. (IMPRINT) | |
| Place of publication | Wash., D.C. : |
| Name of publisher | Civil Liberties Public Education Fund ; |
| Place of publication | Seattle : |
| Name of publisher | University of Washington Press, |
| Year of publication | c1997. |
| 300 ## - PHYSICAL DESCRIPTION | |
| Number of Pages | xxx, 493 p. |
| 650 #0 - SUBJECT ADDED ENTRY--TOPICAL TERM | |
| Topical Term | Japanese Americans |
| Topical Term | Japanese Americans |
| 856 40 - ELECTRONIC LOCATION AND ACCESS | |
| Uniform Resource Identifier | http://site.ebrary.com/lib/rucke/Doc?id=10571300 |
No items available.
